000 01220cam a22003254a 4500
001 15003944
003 mut
005 20240606080955.0
008 070912s2009 caua 001 0 eng
010 _a 2007937232
_z 2007937122
_z 2007936936
020 _a9780538498500
020 _a0538498501
040 _aDLC
_cDLC
_dDLC
050 0 0 _aQC21.3
_b.S46 2009
100 1 _aSerway, Raymond A.
245 1 0 _aCollege physics.
250 _a8th ed. / AP ed.
_bRaymond A. Serway, Jerry S. Faughn, Chris Vuille.
260 _aBelmont, CA :
_bBrooks/Cole, Cengage Learning,
_cc2009.
300 _axxxii, 960, 82, 24 p. :
_bcol. ill. ;
_c29 cm.
500 _aIncludes index.
650 0 _aPhysics
_vTextbooks.
700 1 _aFaughn, Jerry S.
700 1 _aVuille, Chris.
856 4 1 _3Table of contents only
_uhttp://www.loc.gov/catdir/enhancements/fy1104/2007937232-t.html
856 4 2 _3Contributor biographical information
_uhttp://www.loc.gov/catdir/enhancements/fy1104/2007937232-b.html
856 4 2 _3Publisher description
_uhttp://www.loc.gov/catdir/enhancements/fy1104/2007937232-d.html
906 _a7
_bcbc
_corignew
_d3
_eepcn
_f20
_gy-gencatlg
942 _2lcc
_cBK
999 _c5402
_d5402